000 01095nam a2200337Ia 4500
001 57372
003 CO-BoRNBP
005 20250624155606.0
007 ta
008 141031s9999 ck 000 0 spa d
020 _a9788434837737
040 _aCO-BoRNBP
_bspa
_erda
_cCO-BoRNBP
084 _aC NOS1
100 1 _aNöstlinger, Christina,
_d1936-
_960471
245 1 0 _aAna está furiosa
_cChristine Nöstlinger ; ilustraciones de Arnal Ballester ; traducción Carmen Bas
250 _a27a edición
264 1 _aMadrid
_bEdiciones SM
_c2013
300 _a59 páginas
_bilustraciones en color
_c20 cm.
336 _atexto
_btxt
_2rdacontent
337 _asin mediación
_bn
_2rdamedia
338 _avolumen
_bnc
_2rdacarrier
534 _tAnna und die wat
650 0 4 _aTravesias
_vCuento
_2LEMB
_960472
650 0 0 _aNiñas
_vCuento
_2LEMB
_960473
650 0 7 _aProtección del medio ambiente
_2LEMB
650 0 7 _aCuentos infantiles
_2LEMB
650 0 7 _aEmociones
_vCuento
_2LEMB
_960474
700 1 _aBas, Carmen
_etraductor
_960475
700 1 _aBallester, Arnal
_eilustrador
_936354
942 _2loc
_cBKINF
999 _c57372
_d57372